000 00778nam a2200229 a 4500
008
020 _a1556152116 (pbk.)
049 _aMAIN
090 _aQA76.6
100 1 _aLammers, Susan M.
245 1 0 _aProgrammers at work :
_binterviews with 19 programmers who shaped the computer industry /
_cSusan Lammers.
260 _aRedmond, WA. :
_bTempus Books of Microsoft Press,
_c1989.
300 _a391 p. :
_bill. ;
_c24 cm.
650 0 _aComputer programming.
650 0 _aComputer programmers
_xInterviews.
907 _a.b10057328
_b10-09-03
_c17-04-03
003
005 20230123133233.0
040 _cNUST
942 _cBOOKS
_kQA76.6
999 _c145110
_d145110